00243nam a2200097Ia 4500008004100000082001500041100002500056245003100081260001800112600001500130241002s9999 xx 000 0 und d a153.12 MAN aMandelstam, Nadezhda 0aHope Against Hope a Memoir aLondon:c1971 aPhilosophy